000 00661nam a2200241Ia 4500
003 OSt
005 20220924115005.0
006 a|||||r|||| 00| 0
007 ta
008 220923b |||||||| |||| 00| 0 per d
024 _a330798
037 _cTextual
040 _aARTS
_cARTS
_bper
041 _2per
_aper
082 _aV2.M57, 164E0
100 _aShah Nasiru-d-Din Au.
_9176375
245 0 _aHadiqa-i-fasahat
260 _aCalcutta
_bOriental press India
_c1910
300 _a448p.
_ccm.
650 _aPERSIAN LANGUAGE - HISTORY
942 _hV2.M57, 164E0
_cTEXL
_2CC
999 _c396299
_d396299